01331nam a2200229 a 4500001001000000003000900010005001700019007000300036008004100039020001800080040002500098082000700123100002900130245010000159250001200259260007000271300003300341500004200374505058300416700004500999710005701044000046623DO-SdBNP20250129073606.0ta140602s2011 dr a 000 0 spa d a9789945405989 aDO-SdBNPbspacBNPHU 42221 aNúñez, Juan Gilberto10aDuarte en mi corazón de niño /cJuan Gilberto Núñez ; prólogo Juan Daniel Balcácer. a2a. ed. aBogotá :bComisión Permanente de Efemérides Patrias,c2011. a100 [12] p. :bil. ;c25 cm. aIncluye datos biográficos del autor0 aDedicatoria -- Prólogo-- Duarte en mi corazón de niño -- Perfil biográfico de Juan Pablo Duarte -- Naciminto y bautizo -- El niño -- Viaje a Norteamerica y Europa -- Retorno a Santo Domingo -- Inicio de la causa libertadorra -- Músico, poeta y soñador -- Procesión de Nuestra Señora del Carmen -- Fundación de La Trinitaria-- La filantrópica -- La dramática Revolución de la reforma -- Persecución y destierro a Curazao -- Labor independentista en el exilio -- De regreso a la reciente República Dominicana -- Entrada triunfal -- El general Duarte.1 aBalcácer, Juan Daniel,d1949-epról.2 aFundación Luces y Sombras (República Dominicana)